| 000 | 01213nam a22002537a 4500 | ||
|---|---|---|---|
| 005 | 20170124103115.0 | ||
| 010 | _aB-143330 | ||
| 020 | _c175.00 | ||
| 035 | _aB-143330 | ||
| 037 | _bCen Lib/Ret | ||
| 040 |
_aDPL _bHN |
||
| 082 |
_a608 _bरविन्द्र |
||
| 100 |
_aरविन्द्र कुमार _980538 |
||
| 245 |
_aवैज्ञानिक अनुसंधान और आविष्कार / _cरवीन्द्र कुमार |
||
| 246 |
_aVaigyanik anusandhan aur aavishkar / _bby Ravindra Kumar |
||
| 260 |
_aगाज़ियाबाद _bविज्ञान भारती _c2005 |
||
| 270 |
_aबी-78, सूर्य नगर _bगाज़ियाबाद |
||
| 300 |
_a127पृ. : _c21सेमी (सजिल्द) _bसचित्र |
||
| 650 |
_aविज्ञान का स्वरूप और विकास _980539 |
||
| 650 |
_aआविष्कार और खोज--अनुसंधान केंद्र _980540 |
||
| 650 |
_aNature of science and development _980541 |
||
| 650 |
_aInvention and discovery--Research Center _980542 |
||
| 942 |
_2ddc _cHN _h608 _mरविन्द्र |
||
| 999 |
_c118501 _d118501 |
||